000 01400cam a2200277 4500
008 040329n2003 000 0 eng u
020 _a0946574200
035 _a(Sirsi) u125646
041 _aeng
050 _a333.32
_c18
100 _aClayden, Paul
245 _aOur common land
_bthe law and history of common land and village greens
250 _a5th ed.
260 _aHenley-on-Thames
_bOpen Spaces Society
_c2003
300 _aviii, 190p.
_c21cm.
350 _a25
520 _aThis fifth edition has been updated to include key changes introduced by the Countryside and Rights of Way Act 2000 and government "Common land policy statement 2002". Provides chapters on the distribution of commons; commons registration; common land - the rights of parties; management and control of common land; the Countryside and Rights of Way Act 2000 - access provisions; statutory protection of common land; town and village greens; and the future of common land and village greens. Includes summaries of Common Land Forum and Common land policy statement proposals, extracts from statutes and statutory instruments and a table of cases. Bibliography.
650 _aCOMMONS REGISTRATION
650 _aCOUNTRYSIDE AND RIGHTS OF WAY ACT 2000
650 _aTOWN GREENS
650 _aPUBLIC ACCESS
650 _aVILLAGE GREENS
650 _aCOMMON LAND
690 _aPROPERTY
942 _n0
999 _c103450
_d103450